MARC details
| 000 -CABECERA |
| campo de control de longitud fija |
02391nam a2200421 a 4500 |
| 001 - NÚMERO DE CONTROL |
| campo de control |
000000266 |
| 003 - IDENTIFICADOR DEL NÚMERO DE CONTROL |
| campo de control |
DO-SdBNP |
| 005 - FECHA Y HORA DE LA ÚLTIMA TRANSACCIÓN |
| campo de control |
20251027112126.0 |
| 007 - CAMPO FIJO DE DESCRIPCIÓN FÍSICA--INFORMACIÓN GENERAL |
| campo de control de longitud fija |
ta |
| 008 - DATOS DE LONGITUD FIJA--INFORMACIÓN GENERAL |
| campo de control de longitud fija |
240325s2006 dr abc r 000 0 spa d |
| 040 ## - FUENTE DE LA CATALOGACIÓN |
| Centro catalogador/agencia de origen |
DO-SdBNP |
| Lengua de catalogación |
spa |
| Centro/agencia transcriptor |
BNPHU |
| Normas de descripción |
rda |
| 082 ## - NÚMERO DE LA CLASIFICACIÓN DECIMAL DEWEY |
| Número de clasificación |
917 |
| Número de documento/Ítem |
C719g, 2006 |
| Número de edición |
22 |
| 100 1# - ENTRADA PRINCIPAL--NOMBRE DE PERSONA |
| Nombre de persona |
Colón, Juan, |
| Fechas asociadas al nombre |
1962- |
| Término indicativo de función/relación |
autor |
| 9 (RLIN) |
863 |
| 245 10 - MENCIÓN DE TÍTULO |
| Título |
Geografía e historia de América y de los pueblos del Caribe : |
| Resto del título |
2do. grado del 1er. ciclo / |
| Mención de responsabilidad, etc. |
Juan Colón. |
| 250 ## - MENCIÓN DE EDICIÓN |
| Mención de edición |
4a edición |
| 264 ## - PRODUCCIÓN, PUBLICACIÓN, DISTRIBUCIÓN, FABRICACIÓN Y COPYRIGHT |
| Producción, publicación, distribución, fabricación y copyright |
Santo Domingo : |
| Nombre del de productor, editor, distribuidor, fabricante |
Secretaría de Estado de Educación, |
| -- |
Educando, |
| Fecha de producción, publicación, distribución, fabricación o copyright |
2006. |
| 300 ## - DESCRIPCIÓN FÍSICA |
| Extensión |
247 paginas. : |
| Otras características físicas |
ilustraciones mapas., retratoss. ; |
| Dimensiones |
27 cm. |
| 336 ## - TIPO DE CONTENIDO |
| Fuente |
rdacontent |
| Término de tipo de contenido |
texto |
| Código de tipo de contenido |
txt |
| 337 ## - TIPO DE MEDIO |
| Fuente |
rdamedia |
| Nombre/término del tipo de medio |
sin mediación |
| Código del tipo de medio |
n |
| 338 ## - TIPO DE SOPORTE |
| Fuente |
rdacarrier |
| Nombre/término del tipo de soporte |
volumen |
| Código del tipo de soporte |
nc |
| 500 ## - NOTA GENERAL |
| Nota general |
Incluye datos biografícos del autor en la contracubierta. |
| 500 ## - NOTA GENERAL |
| Nota general |
Prohibida su venta, propiedad de la Secretaria de Estado de Educación |
| 505 0# - NOTA DE CONTENIDO CON FORMATO |
| Información miscelánea |
Unidad 1. |
| Título |
El continente americano -- |
| Información miscelánea |
Unidad 2. |
| Título |
Culturas clásicas americanas y caribeñas -- |
| Información miscelánea |
Unidad 3. |
| Título |
La Colonización Europea -- |
| Información miscelánea |
Unidad 4. |
| Título |
Movimientos emancipadores e integracionistas de América -- |
| Información miscelánea |
Unidad 5. |
| Título |
Formación de nuevas naciones en el Caribe. Guerra hispanoamericana. Injerencia e intervención de Estados Unidos en América Central y las Antillas -- |
| Información miscelánea |
Unidad 6. |
| Título |
Diversidad histórico-Social del continente americano -- |
| Información miscelánea |
Unidad 7. |
| Título |
Desarrollo económico, tecnológico y cultural, así como problemas demográficos y subdesarrollo de los pueblos de América hoy -- |
| Información miscelánea |
Unidad 8. |
| Título |
Recursos de América y del Caribe -- |
| Información miscelánea |
Unidad 9. |
| Título |
El Proceso de urbanización en América. Relaciones políticas, económicas y culturales. |
| 590 ## - NOTA LOCAL (RLIN) |
| Nota local |
Inventariado, 2024/DG |
| 650 #4 - PUNTO DE ACCESO ADICIONAL DE MATERIA--TÉRMINO DE MATERIA |
| Término de materia o nombre geográfico como elemento de entrada |
Geografía |
| Subdivisión general |
Libros texto |
| 9 (RLIN) |
864 |
| 650 #4 - PUNTO DE ACCESO ADICIONAL DE MATERIA--TÉRMINO DE MATERIA |
| Término de materia o nombre geográfico como elemento de entrada |
Geografía |
| Subdivisión general |
Problemas, ejercicios, etc,. |
| 9 (RLIN) |
76740 |
| 650 #4 - PUNTO DE ACCESO ADICIONAL DE MATERIA--TÉRMINO DE MATERIA |
| Término de materia o nombre geográfico como elemento de entrada |
Geografía |
| Subdivisión general |
Enseñanza secundaria |
| 9 (RLIN) |
76742 |
| 650 #4 - PUNTO DE ACCESO ADICIONAL DE MATERIA--TÉRMINO DE MATERIA |
| Término de materia o nombre geográfico como elemento de entrada |
Historia |
| Subdivisión general |
Enseñanza secundaria |
| 9 (RLIN) |
76743 |
| 651 #4 - PUNTO DE ACCESO ADICIONAL DE MATERIA--NOMBRE GEOGRÁFICO |
| Nombre geográfico |
América |
| Subdivisión general |
Historia |
| -- |
Libros de texto |
| 9 (RLIN) |
865 |
| 651 #0 - PUNTO DE ACCESO ADICIONAL DE MATERIA--NOMBRE GEOGRÁFICO |
| Nombre geográfico |
Caribe (Región) |
| Subdivisión general |
Descripciones y viajes |
| 9 (RLIN) |
87401 |
| 651 #4 - PUNTO DE ACCESO ADICIONAL DE MATERIA--NOMBRE GEOGRÁFICO |
| Nombre geográfico |
América |
| Subdivisión general |
Descripciones y viajes |
| 9 (RLIN) |
867 |
| 651 #4 - PUNTO DE ACCESO ADICIONAL DE MATERIA--NOMBRE GEOGRÁFICO |
| Nombre geográfico |
América |
| Subdivisión general |
Condiciones económicas |
| 9 (RLIN) |
868 |
| 651 #4 - PUNTO DE ACCESO ADICIONAL DE MATERIA--NOMBRE GEOGRÁFICO |
| Nombre geográfico |
América |
| Subdivisión general |
Aspectos sociales |
| 9 (RLIN) |
869 |
| 651 #4 - PUNTO DE ACCESO ADICIONAL DE MATERIA--NOMBRE GEOGRÁFICO |
| Nombre geográfico |
América |
| Subdivisión general |
Aspectos políticos |
| 9 (RLIN) |
870 |
| 651 #0 - PUNTO DE ACCESO ADICIONAL DE MATERIA--NOMBRE GEOGRÁFICO |
| Nombre geográfico |
Caribe (Región) |
| Subdivisión general |
Historia |
| -- |
Problemas, ejercicios, etc. |
| 9 (RLIN) |
87401 |
| 910 ## - DATOS DE OPCIÓN DEL USUARIO (OCLC) |
| Datos de opción del usuario |
DG |
| 942 ## - ELEMENTOS DE PUNTO DE ACCESO ADICIONAL (KOHA) |
| Fuente del sistema de clasificación o colocación |
Dewey Decimal Classification |
| Tipo de ítem Koha |
Libro |